Minecraft Mobs: Guardian - Statistics

General Stats
  • This quiz has been taken 4 times
  • The average score is 5 of 8
Answer Stats
Question Answer % Correct
What structure do guardians spawn in? Ocean Monument
100%
How many health points does a guardian have? 30
75%
What's the minimum number of seconds between laser attacks? 5
75%
What is one mob that a guardian attacks? Axolotl | Glow Squid | Squid
75%
Other than fish, what is one item that drops from guardians? Prismarine Crystals | Prismarine Shard
75%
What armor enchantment does a guardian have a defense similar to? Thorns
75%
What is a guardian's height in blocks? 0.85
25%
What is a guardian's width in blocks? 0.85
25%
No matching quizzes found
Score Distribution
Percent of People with Each Score
Percentile by Number Answered
Your Score History
You have not taken this quiz